000 00732nam a22002297a 4500
005 20170124110035.0
010 _a913566
020 _c25.00
035 _a913566
037 _bCen Lib/Ret
040 _aDPL
_bEN
082 _a332.401
_bMAK
100 _aMakinen, Gail E.
_922496
245 _aMoney, the price level, and interest rates :
_cby Gail E Makinen
_ban introduction to monetary theory /
260 _aNew Delhi
_bPrentice-Hall
_c1978
270 _bNew Delhi
_aM-97, Cannaught Circus
_e110001
300 _axv,446p.
_c23cm(Hb)
500 _aIncludes bibliographical references and index
650 _aMoney
_9101824
650 _aMoney--Classical models
_922498
942 _2ddc
_cEN
_h332.401
_mMAK
999 _c128136
_d128136